[Event "Wch U16"]
[Site "Belfort"]
[Date "2005.07.22"]
[Round "4"]
[White "Monsieux, Cyril"]
[Black "Ronchetti, Niccolo"]
[Result "0-1"]
[WhiteElo "2206"]
[BlackElo "2395"]
[PlyCount "114"]
[EventDate "2005.07.19"]
[EventType "swiss"]
[EventRounds "11"]
[EventCountry "FRA"]
[SourceTitle "CBM 107 Extra"]
[Source "ChessBase"]
[SourceDate "2005.09.01"]
[SourceVersion "1"]
[SourceVersionDate "2005.09.01"]
[SourceQuality "1"]

1. e4 c5 2. Nf3 Nc6 3. d4 cxd4 4. Nxd4 Nf6 5. Nc3 e5 6. Ndb5 d6 7. a4 a6 8. Na3 Be6 9. Nc4 Rc8 10. Be3 Nd4 11. Bxd4 Bxc4 12. Bxc4 Rxc4 13. Be3 Qa5 14. 0-0 h6 15. Qd3 Qc7 16. f4 Be7 17. Kh1 0-0 18. Bb6 Qc8 19. Rad1 Rb4 20. fxe5 dxe5 21. a5 Rxb2 22. Rf2 Rb4 23. Nd5 Nxd5 24. Qxd5 Rb5 25. Qd3 Bc5 26. Rf5 Bxb6 27. axb6 Qe6 28. c4 Rxb6 29. c5 Rc6 30. Qc3 Re8 31. Rd5 f6 32. Rf1 b6 33. Rc1 Rec8 34. Qb3 Kh7 35. Qd3 Rxc5 36. Rd1 Rc1 37. h3 Rxd1+ 38. Qxd1 Qc6 39. Qg4 Qe8 40. Qf5+ Kg8 41. Rd7 Rb8 42. Qg4 Qf8 43. Qe6+ Kh8 44. Ra7 a5 45. Kh2 Ra8 46. Rb7 a4 47. Rxb6 a3 48. Ra6 Rxa6 49. Qxa6 Kh7 50. Qe6 Qa8 51. Qa2 Qa4 52. h4 Qxe4 53. Qxa3 Qxh4+ 54. Kg1 Qe1+ 55. Kh2 Qe4 56. Qe7 Qf4+ 57. Kg1 e4 0-1